TPOT 19 Placements - Statistics

General Stats
  • This quiz has been taken 48 times
  • The average score is 12 of 15
Answer Stats
Placement Cause Contestant % Correct
15th Pencil/Black Hole Fanny
93%
1st N/A Grassy
90%
14th Liy Marker
90%
3rd Pencil Liy
88%
2nd One Pencil
88%
13th [QUIT] Tennis Ball
88%
11th Tree Golf Ball
85%
12th Donut Pen
83%
5th Liy Price Tag
80%
10th Fourse Tree
80%
4th One Black Hole
78%
6th Liy Winner
78%
8th Fourse Donut
76%
9th Pencil Book
73%
7th Bottle Bottle
73%
No matching quizzes found
Score Distribution
Percent of People with Each Score
Percentile by Number Answered
Your Score History
You have not taken this quiz